Statistiques concernant Vrai ou Faux: Histoire de France #3

Cliquez ici pour prendre le quiz!

Statistiques générales

  • Ce quiz a été pris 2 678 fois
    (2 536 depuis la dernière actualisation)
  • Le résultat moyen est 14 sur 20

Statistiques - réponses

QuestionRéponse% Correct
La Cinquième République vit comme premier président Charles de Gaulle.Vrai
92%
Louis XIV est le premier roi à résider de façon permanente à Versailles.Vrai
90%
Emmanuel Macron fut premier ministre avant d'être président.Faux
89%
La Tour Eiffel est bâtie après l'année 1900.Faux
84%
Georges Pompidou mourut avant la fin de son mandat.Vrai
83%
Les Trente Glorieuses sont une période de révolutions au sein de Paris.Faux
80%
La Deuxième République ne vit qu'un seul président.Vrai
80%
Pendant la Seconde Guerre Mondiale, le pouvoir en France fut exercé par le "régime de Vitry".Faux
79%
Tous les rois sont morts en France.Faux
78%
Philippe le Bel est le roi qui exécuta Jacques de Molay, maître de l'Ordre des Templiers.Vrai
76%
Le premier président de la république est de la même famille que Napoléon.Vrai
75%
De Danton, Marat et Robespierre, seul Marat ne fut pas exécuté.Vrai
74%
Le Maréchal Pétain mourut hors de France.Faux
71%
Il existe un roi qui a régné de sa naissance à sa mort.Vrai
67%
La Première République prend fin avec le sacre de Napoléon.Vrai
64%
Jacques Cartier a découvert la Louisiane.Faux
55%
Catherine de Médicis était l'épouse d'Henri II.Vrai
53%
La Guerre d'Algérie est contemporaine au mandat de Vincent Auriol.Faux
52%
La Réunion fut découverte par un Français.Faux
40%
La Martinique fut colonisée par les français deux ans après la Guadeloupe.Faux
32%

Distribution des résultats

Percentile par nombre de réponses

% des personnes avec chaque résultat

Votre développement - résultats

Vous n’avez pas pris ce quiz depuis la dernière actualisation